000 00291nam a22001337a 4500
008 170613b xxu||||| |||| 00| 0 eng d
020 _a9780520255197
041 _aeng
080 _a94
100 _a17
101 _aSHH
245 _aFRONTIER CONSTITUTIONS
_cBLANCO,J.D
942 _2udc
_cBK
999 _c17078
_d17078